Statistiques concernant Fortnite - Toutes les Villes

Cliquez ici pour prendre le quiz!

Statistiques générales

  • Ce quiz a été pris 75 fois
    (66 depuis la dernière actualisation)
  • Le résultat moyen est 15 sur 136

Statistiques - réponses

Saison d'ArrivéeVilles% Correct
1Salty Springs
65%
2Tilted Towers
63%
1Pleasant Park
52%
1Fatal Fields
42%
1Greasy Grove
42%
1Dusty Depot
40%
4Dusty Divot
40%
1Anarchy Acres
38%
1Retail Row
38%
3Lucky Landing
37%
2Haunted Hills
35%
1Loot Lake
35%
5Paradise Palms
35%
2Junk Junction
33%
1Lonely Lodge
33%
9Neo Tilted
33%
1Tomato Town
31%
2L'Agence
29%
4Risky Reels
29%
1Flush Factory
27%
2Snobby Shores
27%
1Lazy Lake
23%
1Wailing Woods
23%
1Misty Meadows
21%
1Moisty Mire
21%
2Shifty Shafts
21%
1Slurpy Swamp
21%
7Polar Peak
19%
7Happy Hamlet
17%
2La Grotte
17%
8Le Bloc
17%
2Les Enfers
17%
1Weeping Woods
17%
1Frenzy Farm
15%
7Frosty Flights
15%
8Lazy Lagoon
15%
5Lazy Links
15%
9Mega Mall
15%
8Sunny Steps
15%
5Tomato Temple
15%
1Craggy Cliffs
13%
1Holly Hedges
13%
2Le Requin
13%
4Coral Castle
12%
1Dirty Docks
12%
10Gotham City
12%
1Grand Glacier
12%
2Le Yacht
12%
9Pressure Plant
12%
1Steamy Stacks
12%
3Catty Corner
10%
2Grim Gate
10%
2Mont Olympe
10%
1Pleasant Piazza
10%
1Sweaty Sands
10%
1Fencing Fields
8%
2La Plateforme
8%
3L'Autorité
8%
1Lavish Lair
8%
10Moisty Palms
8%
5Salty Towers
8%
4Stark Industries
8%
6Boney Burbs
6%
2Brawler's Battleground
6%
1Classy Courts
6%
1Frenzy Fields
6%
3La Flotille
6%
6Leaky Lake
6%
1Reckless Railways
6%
1Breakwater Bay
4%
5Colossal Coliseum
4%
6Colossal Crops
4%
7Corny Complex
4%
4Doom's Domain
4%
5Hunter's Haven
4%
1Logjam Lumberyard
4%
2Mega City
4%
1Rebel's Roost
4%
1Sanctuaire
4%
1Sleepy Sound
4%
8Sludgy Swamp
4%
1Snooty Steppes
4%
5Stealthy Stronghold
4%
6Viking Village
4%
1Bourg-Jonesy
2%
1Brutal Bastion
2%
1Camp Cuddle
2%
1Circuit Chonkers
2%
1Coney Crossroads
2%
8Corny Crops
2%
1Daily Bugle
2%
1Hazy Hillside
2%
4Jonction Logjam
2%
1La Citadelle
2%
6La Flèche
2%
2La Forteresse
2%
3Rave Cave
2%
3Reality Falls
2%
4Relentless Retreat
2%
2Restored Reels
2%
3Rickety Rig
2%
1Ritzy Riviera
2%
1Rocky Reels
2%
1Ruined Reels
2%
4Sanguine Suites
2%
3Shady Stilts
2%
4Shimmering Shrine
2%
1Slappy Shores
2%
1Anvil Square
0%
4Arbre de Réalité
0%
3Aztec Temple
0%
7Believer Beach
0%
10Bloc de Legendary-Chuan-Qi
0%
4Cloudy Condos
0%
2Command Cavern
0%
1Condo Canyon
0%
3Creeky Coumpound
0%
4Eclipsed State
0%
1Faulty Splits
0%
3Flooded Frenzy
0%
4Fort Jonesy
0%
3Harbor Hamlet
0%
2Kenjutsu Crossing
0%
2Knotty Nets
0%
4La Bamboche
0%
1Lonely Labs
0%
3Lush Lands
0%
4Lustruous Lagoon
0%
3Mega Jungle
0%
3Monolith Monument
0%
3Riptide Resort
0%
3Rumble Ruins
0%
4Sanctuaire du Héraut
0%
1Shattered Slabs
0%
2Steamy Springs
0%
2Synapse Station
0%

Distribution des résultats

Percentile par nombre de réponses

% des personnes avec chaque résultat

Votre développement - résultats

Vous n’avez pas pris ce quiz depuis la dernière actualisation